LEADER 01061nam0-22003491i-450- 001 990006862310403321 005 20001010 010 $a88-7750-395-5 035 $a000686231 035 $aFED01000686231 035 $a(Aleph)000686231FED01 035 $a000686231 100 $a20001010d--------km-y0itay50------ba 101 0 $aita 105 $ay-------001yy 200 1 $aFAMIGLIA e matrimonio$fA cura di Giovanni Bonilini e Giovanni Cattaneo$gcontributi di Giovanni Bonilini ... [e altri]. 210 $aTorino$cUtet Libreria$d1997. 215 $aXVI, 648 p.$d24 cm 225 1 $aScienze giuridiche$v 300 $aEstr. da: Il diritto di famiglia. Volume primo: Famiglia e matrimonio, Utet 1997. 610 0 $aMatrimonio - Diritto 676 $a346.45016 702 1$aBonilini,$bGiovanni 702 1$aCattaneo$bGiovanni 801 0$aIT$bUNINA$gRICA$2UNIMARC 901 $aBK 912 $a990006862310403321 952 $aIV A 320$b32191$fFSPBC 959 $aFSPBC 996 $aFamiglia e matrimonio$965425 997 $aUNINA DB $aGEN01 LEADER 01768nas 2200565-- 450 001 996336268603316 005 20240130213016.0 035 $a(CKB)954925386162 035 $a(CONSER)---75640052- 035 $a(EXLCZ)99954925386162 100 $a20750306b19692002 --- a 101 0 $aeng 181 $ctxt$2rdacontent 182 $cc$2rdamedia 183 $acr$2rdacarrier 200 00$aAmerican journal of art therapy 210 $aMontpelier, VT$cVermont College of Norwich University 215 $a1 online resource 300 $aRefereed/Peer-reviewed 311 08$aPrint version: American journal of art therapy. 0007-4764 (DLC) 75640052 (OCoLC)1798034 531 $aAM J ART THER 531 0 $aAm. j. art ther. 606 $aArt therapy$vPeriodicals 606 $aArt Therapy 606 $aArt-thérapie$vPériodiques 606 $aArt-thérapie 606 $aart therapy$2aat 606 $a77.74 occupational therapy$3(NL-LeOCL)07759813X$2bcl 606 $a44.91 psychiatry, psychopathology$3(NL-LeOCL)077596900$2bcl 606 $aArt therapy$2fast$3(OCoLC)fst00815831 606 $aKunsttherapie$2gtt 608 $aPeriodical 608 $aPeriodicals.$2fast 608 $aPeriodicals.$2lcgft 615 0$aArt therapy 615 2$aArt Therapy 615 6$aArt-thérapie 615 6$aArt-thérapie. 615 7$aart therapy. 615 7$a77.74 occupational therapy. 615 7$a44.91 psychiatry, psychopathology. 615 7$aArt therapy. 615 17$aKunsttherapie. 676 $a615.8515 712 02$aAmerican Art Therapy Association. 906 $aJOURNAL 912 $a996336268603316 920 $aexl_impl conversion 996 $aAmerican journal of art therapy$92304651 997 $aUNISA